000 00569cam a2200145 4500500
005 20260405003249.0
041 _afre
042 _adc
100 1 0 _aVallin, Pierre
_eauthor
245 0 0 _aGiovanni Miccoli, Le pontificat de Jean Paul II , Un gouvernement contrasté. Trad. de l’italien par C. de Paepe et P. Gilbert. Lessius, 2012, 480 pages, 29,50 €
260 _c2012.
500 _a8
786 0 _nÉtudes | 417 | 7 | 2012-07-01 | p. XLII-XLII | 0014-1941
856 4 1 _uhttps://shs.cairn.info/revue-etudes-2012-7-page-XLII?lang=fr&redirect-ssocas=7080
999 _c2065892
_d2065892